| 000 | 00944cam a2200301 a 4500 | ||
|---|---|---|---|
| 003 | PILC | ||
| 005 | 20150812140127.0 | ||
| 008 | 030221s2003 enka b 001 0 eng d | ||
| 020 | _a0340725125 | ||
| 040 |
_aUKM _cUKM _dHKP _dCVU |
||
| 050 |
_aTX 943 _b.K53 1999 |
||
| 082 | 0 | 4 |
_aHSF 647.47 _bK62 1999 |
| 090 |
_aTX943 _b.F67 2003 |
||
| 100 | 1 |
_aRonald, Kinton, _cBEd. _912194 |
|
| 245 | 1 | 4 |
_aThe theory of catering / _cRonald Kinton, Victor Ceserani, David Foskett |
| 250 | _a9th edition. | ||
| 260 |
_aLondon : _bHodder & Stoughton, _c1999. |
||
| 300 |
_a569 pages : _billustrations (some color) ; _c25 cm. |
||
| 500 | _aIncludes index. | ||
| 500 | _aRonald Kinton appeared first in 9th ed. | ||
| 500 | _aPrevious ed.: 1999. | ||
| 650 | 0 |
_aCaterers and catering. _912195 |
|
| 650 | 0 |
_aFood service. _911106 |
|
| 700 | 1 |
_aCeserani, Victor. _912196 |
|
| 700 | 1 |
_aKinton, Ronald. _911206 |
|
| 910 | _a20040324/w/n;ckc | ||
| 942 |
_2lcc _cBK |
||
| 999 |
_c9095 _d9095 |
||